| 000 | nam a22 7a 4500 | ||
|---|---|---|---|
| 999 |
_c151410 _d151408 |
||
| 005 | 20190920125045.0 | ||
| 008 | 190920b mx ||||| |||| 00| 0 spa d | ||
| 020 | _a9783534245512 | ||
| 050 | 0 | 4 |
_aF1418 _bR56 2016 |
| 100 | 1 |
_aRinke, Stefan H., _d1965- |
|
| 240 | 1 | 0 |
_aLateinamerika und die USA : eine Geschichte zwischen Räumen von der Kolonialzeit bis heute. _lEspañol |
| 245 | 1 | 0 |
_aAmérica Latina y Estados Unidos : _buna historia entre espacios desde la época colonial hasta hoy _c/ Stefan Rinke ; traducción, Marisol Palma Behnke |
| 250 | _a1a ed. | ||
| 260 |
_aMéxico : _bEl Colegio de México, Centro de Estudios Históricos : _aMadrid, España : _bMarcial Pons : _aBerlín : _bUniversidad Libre de Berlín, _c2016. |
||
| 300 |
_a232 p. ; _c23 cm. |
||
| 500 | _aTitulo original : Lateinamerika und die USA : eine Geschichte zwischen Räumen von der Kolonialzeit bis heute. | ||
| 651 | 7 |
_2lemb _aAmérica Latina _xRelaciones exteriores |
|
| 651 | 7 |
_2lemb _aEstados Unidos _xHistoria _xRelaciones exteriores _zAmérica Latina |
|
| 700 | 1 |
_aPalma Behnke, Marisol, _etraducción |
|
| 942 |
_2lcc _cLIB |
||